|
|
|
|
| LEADER |
00681naa a2200181 i 4500 |
| 001 |
publ6391 |
| 005 |
20180829143013.0 |
| 008 |
160226s2007 hu o 0|| zxx d |
| 020 |
|
|
|a 978 963 482 806 8
|
| 024 |
7 |
|
|a 2007450
|2 mtmt
|
| 040 |
|
|
|a SZTE Publicatio Repozitórium
|b hun
|
| 041 |
|
|
|a zxx
|
| 100 |
1 |
|
|a Lénárt András
|
| 245 |
1 |
2 |
|a A magyar forradalom asztúriai visszhangja
|h [elektronikus dokumentum] /
|c Lénárt András
|
| 260 |
|
|
|a Szegedi Tudományegyetem, Bölcsészettudományi Kar
|b Szeged, Magyarország
|c 2007
|
| 300 |
|
|
|a 87-93
|
| 490 |
0 |
|
|a A magyar forradalom és a hispán világ, 1956.
|
| 856 |
4 |
0 |
|u http://publicatio.bibl.u-szeged.hu/6391/1/Aszturia.pdf
|z Dokumentum-elérés
|